Gagak di rimba (Record no. 4364)

MARC details
000 -LEADER
fixed length control field 00661nam a2200241 i 4500
001 - CONTROL NUMBER
control field C2-0021118
003 - CONTROL NUMBER IDENTIFIER
control field PPAK
005 - DATE AND TIME OF LATEST TRANSACTION
control field 20190630221952.0
008 - FIXED-LENGTH DATA ELEMENTS--GENERAL INFORMATION
fixed length control field 970203s1966 my |||| ||||| | may d
040 ## - CATALOGING SOURCE
Original cataloging agency PPAK
Language of cataloging eng
Transcribing agency PPAK
Description conventions rda
082 04 - DEWEY DECIMAL CLASSIFICATION NUMBER
Classification number 927.9143
Edition number 23
090 00 - LOCALLY ASSIGNED LC-TYPE CALL NUMBER (OCLC); LOCAL CALL NUMBER (RLIN)
Classification number (OCLC) (R) ; Classification number, CALL (RLIN) (NR) 927.9143
Feature heading ABD
Feature heading KAM
Classification number (OCLC) (R) ; Classification number, CALL (RLIN) (NR) 927.9143
Feature heading ABD
Feature heading KIH
100 0# - MAIN ENTRY--PERSONAL NAME
Personal name Abdullah Hussain,
Titles and words associated with a name Dato',�
Dates associated with a name 1920-2014
Relator term author
245 10 - TITLE STATEMENT
Title Gagak di rimba
264 #1 - PRODUCTION, PUBLICATION, DISTRIBUTION, MANUFACTURE, AND COPYRIGHT NOTICE
Place of production, publication, distribution, manufacture Kuala Lumpur :
Name of producer, publisher, distributor, manufacturer Angkatan Baru ,
Date of production, publication, distribution, manufacture, or copyright notice 1966
300 ## - PHYSICAL DESCRIPTION
Extent 205 pages ;
Dimensions 19 cm
336 ## - CONTENT TYPE
Source rdacontent
Content type term text
337 ## - MEDIA TYPE
Source rdamedia
Media type term unmediated
338 ## - CARRIER TYPE
Source rdacarrier
Carrier type term volume
650 10 - SUBJECT ADDED ENTRY--TOPICAL TERM
Topical term or geographic name entry element Moving - Picture
942 ## - ADDED ENTRY ELEMENTS (KOHA)
-- dc
Koha item type Book
Holdings
Withdrawn Not for loan Current library Shelving location Date acquired Full call number Barcode Date last seen Koha item type
  Not For Loan Perpustakaan Alor Setar Koleksi Ismail Hussein 31/10/1998 KIH 927.9143 ABD A00178279 08/05/2018 Book
  Not For Loan Perpustakaan Kulim Koleksi Ahmad Mokhtar 28/08/2001 KAM 927.9143 ABD A00860032 08/05/2018 Book